000 00363nam a2200169Ia 4500
003 0STCL
008 150530s9999 xx 000 0 und d
040 _aSTCL
_cSTCL
100 _aNagendra Ed
245 _aEkanki
260 _bS,Chand; Delhi
_c1960
_aDelhi
300 _a0
546 _aHindi
942 _2ddc
_cBK
999 _c63075
_d63075
005 20220125171219.0